000
00497nam a2200169Ia 4500
008
090711s9999 xx 000 0 und d
082
_b
45863
100
_a
गांगल वसंत
245
_a
न कळत सारे घडले
260
_c
1982
300
_a
215
600
_a
गांगल वसंत
630
_a
न कळत सारे घडले
700
_a
गांगल वसंत
730
_a
न कळत सारे घडले
942
_c
BOOK
999
_c
298323
_d
298323